|
|
|
|
| LEADER |
00799cam a2200265 7i4500 |
| 001 |
0000036786 |
| 005 |
20220413090000.0 |
| 007 |
ta |
| 008 |
220303t2003 eng |
| 020 |
|
|
|a 9781526604736
|
| 040 |
|
|
|a MATR
|
| 090 |
0 |
0 |
|a FI 813.6
|b HOS
|
| 100 |
1 |
|
|e Hosseini, Khaled
|e author
|
| 245 |
1 |
0 |
|a THE KITE RUNNER
|c Khaled Hosseini.
|
| 264 |
|
0 |
|a London:
|b Bloomsbury Publishing,
|c 2018.
|
| 300 |
|
|
|a 343 pages;
|c cm.
|
| 336 |
|
|
|a text
|2 rdacontent
|
| 337 |
|
|
|a unmediated
|2 rdamedia
|
| 338 |
|
|
|a volume
|2 rdacarrier
|
| 500 |
|
|
|a Screen adaption
|
| 650 |
|
0 |
|a English fiction
|
| 650 |
|
0 |
|a Boys --
|x Fiction --
|z Afghanistan
|
| 650 |
|
0 |
|a Fathers and sons --
|x Fiction
|
| 650 |
|
0 |
|a Male friendship --
|x Fiction
|
| 999 |
|
|
|a B000041695
|b Book
|c Book
|e Business Information Centre
|